000 00684nam a2200181 i 4500
001 56040
003 ES-MaACL
007 t|
008 031002s1954 sp ||||1| spa d
100 1 _aDíaz Palos, Fernando.
_944379
245 1 3 _aLa causalidad material en el delito /
_cFernando Díaz Palos.
260 _aBarcelona :
_bBosch,
_c[1954]
300 _aIII, 6-132 p. ;
_c23 cm.
490 1 _aPublicaciones del Seminario de Derecho penal y Criminología de la Universidad de Barcelona
830 0 0 _aPublicaciones del Seminario de Derecho Penal y Criminología de la Universidad de Barcelona
_9230370
852 _aES-MaACL
_jC-6645
_bR.35823
999 _c56040
_d56040